000 01183nam a22001457a 4500
999 _c527120
_d527120
008 240805b ||||| |||| 00| 0 eng d
100 _aFranklin, S. et al
_956312
245 _aUrban public works in spatial equilibrium: Experimental evidence from Ethiopia
260 _aThe American Economic Review
300 _a114(5), May, 2024: p.1382-1414
520 _aThis paper evaluates a large urban public works program randomly rolled out across neighborhoods of Addis Ababa, Ethiopia. We find the program increased public employment and reduced private labor supply among beneficiaries and improved local amenities in treated locations. We then combine a spatial equilibrium model and unique commuting data to estimate the spillover effects of the program on private sector wages across neighborhoods: under full program rollout, wages increased by 18.6 percent. Using our model, we show that welfare gains to the poor are six times larger when we include the indirect effects on private wages and local amenities.- Reproduced https://www.aeaweb.org/articles?id=10.1257/aer.20220471
773 _aThe American Economic Review
906 _aURBAN DEVELOPMENT
942 _cAR